00553nam a2200121 4500245008700000100002100087260006000108300001600168082001600184952010400200952011200304999001500416 aLife and openions of Tristram shandy gentlemancby Laurence Sterne ( 1713 - 1768 ) aSterne, Laurence aLondon bOxford University Pressc1951[reprinted 1966]  a591p.;15cm. a823.6b STE 001040708ENGLaNEHUbNEHUd2011-11-18l0o823.6 STEpA1227r2011-11-18 00:00:00w2011-11-18yBK 001040708ENGLaNEHUbNEHUd2011-11-18l0o823.6 STEpA1125(L. 79 )r2011-11-18 00:00:00w2011-11-18yBK c1077d1077